| 000 | 00659nam a22002537a 4500 | ||
|---|---|---|---|
| 001 | BR0405854 | ||
| 003 | BR-BrBNA | ||
| 005 | 20240402114632.0 | ||
| 007 | ta | ||
| 008 | 230509b bl.||||| |||| 00| 0 por d | ||
| 040 |
_aBR-BrBNA _bpor _cBiblioteca Nacional de Agricultura |
||
| 041 | _a(Por) | ||
| 072 | _aB50; F40 | ||
| 090 |
_aB50 _bBR0405854 |
||
| 100 | 1 | _aTompking, Peter | |
| 100 | 1 | _aBird, Christopher | |
| 245 | 1 | _aA vida secreta das plantas | |
| 260 | 3 |
_aRio de Janeiro, RJ (Brasil): _bEditora Expressão e Cultura, _c1974. |
|
| 300 | _a324 p. | ||
| 650 | _aHISTÓRIA | ||
| 650 | _aPLANTA | ||
| 650 | _aECOLOGIA VEGETAL | ||
| 942 |
_cBK _2AGRIS |
||
| 999 |
_c67556 _d67556 |
||